000
00279nam a2200097Ia 4500
008
220204s9999 xx 000 0 und d
082
_a
631.67(047)
_b
REP
245
0
_a
Report of the irrigation commission. 1972. 3 V
260
_a
New Delhi
_b
Ministry of Irrigation
_c
1972
942
_c
BK
999
_c
23836
_d
23836